000 00859nam a2200241 i 4500
001 179970
003 ES-MaACL
005 20250805025629.0
008 120308s2010 sp a |||| | spa d
020 _a978-84-9802-687-0
080 _a821.134.2-14"19"
100 1 _aMorales Vega, María Covadonga.
_9143708
245 1 3 _aEl latir de los dedos /
_cCovadonga Morales Vega ; [ilustradora, Mª Carmen de Inés].
250 _a1ª ed.
260 _aFuenlabrada (Madrid) :
_bEntrelíneas,
_c2010.
300 _a93 p. :
_bil. ;
_c21 cm.
700 1 _aInés, María del Carmen.
_9149555
700 1 _aPikaza, Xabier,
_d1941-
_9149556
852 _aES-MaACL
_jA-12021
_9186877
_bR.146835
_cDEPO1
_dOlim: N-5026
_xDonación: Covadonga Morales Vega
903 _9143708
_aMorales Vega, María Covadonga
_ednr
942 _2udc
_cMONOGRAFIA
999 _c179970
_d179970